[Event "Euro Online U2300 Day 2"]
[Site "chess.com INT"]
[Date "2020.05.26"]
[Round "2"]
[White "Randazzo, Adrian"]
[Black "Zvereva, Margarita"]
[Result "1-0"]
[WhiteTitle "FM"]
[BlackTitle "WFM"]
[WhiteElo "2293"]
[BlackElo "1929"]
[WhiteFideId "114251"]
[BlackFideId "34177741"]
[EventDate "2020.05.26"]

1. e4 c5 2. Nf3 d6 3. Bb5+ Bd7 4. Bxd7+ Qxd7 5. O-O Nf6 6. Qe2 Nc6 7. c3 g6 8.
Rd1 Bg7 9. d4 cxd4 10. cxd4 O-O 11. Nc3 e6 12. d5 exd5 13. Nxd5 Nxd5 14. Rxd5
Rfe8 15. Bf4 Qe7 16. Re1 Ne5 17. Nxe5 dxe5 18. Be3 b6 19. Qb5 Rec8 20. g3 h5 21.
h4 Rc2 22. Red1 Rac8 23. Qb3 R8c7 24. Rd8+ Kh7 25. R1d6 R2c6 26. Rd1 Qe6 27.
Qxe6 Rxe6 28. R8d7 Re7 29. Rxe7 Rxe7 30. Rc1 Bh6 31. Bxh6 Kxh6 32. Kf1 Rd7 33.
Ke2 Kg7 34. Ke3 Kf6 35. b4 Rd4 36. a3 Rd7 37. Rc6+ Ke7 38. f4 exf4+ 39. gxf4 Kd8
40. a4 Rd1 41. a5 bxa5 42. bxa5 Re1+ 43. Kd4 Rf1 44. Ke5 Rh1 45. Ra6 Rxh4 46.
Rxa7 Rh1 47. Rxf7 Ra1 48. Kf6 Rxa5 49. Kxg6 Ke8 50. Rf5 Ra4 51. Re5+ Kf8 52.
Kxh5 Ra1 53. Kg5 Rg1+ 54. Kf5 Rf1 55. Rc5 Re1 56. e5 Rf1 57. Rc7 Ke8 58. Kg5 Kd8
59. Ra7 Rg1+ 60. Kf6 Rf1 61. f5 Rf2 62. e6 Kc8 63. e7 Re2 64. Kf7 Kb8 65. Rd7
Kc8 66. Rd8+ Kc7 67. e8=Q 1-0

[Event "Euro Online U2300 Day 2"]
[Site "chess.com INT"]
[Date "2020.05.26"]
[Round "2"]
[White "Ioannidis, Evgenios"]
[Black "Sargissyan, Sargis"]
[Result "1/2-1/2"]
[WhiteTitle "IM"]
[BlackTitle "FM"]
[WhiteElo "2401"]
[BlackElo "2269"]
[WhiteFideId "4229274"]
[BlackFideId "13303210"]
[EventDate "2020.05.26"]

1. d4 Nf6 2. c4 g6 3. g3 Bg7 4. Bg2 O-O 5. Nc3 d6 6. Nf3 Nbd7 7. O-O e5 8. e4
exd4 9. Nxd4 Re8 10. h3 Nc5 11. Re1 Bd7 12. Nb3 Nxb3 13. axb3 Bc6 14. Qc2 a5 15.
Bd2 Nd7 16. Ne2 Nc5 17. Bxa5 b6 18. Bc3 Rxa1 19. Rxa1 Bxe4 20. Bxe4 Nxe4 21.
Bxg7 Kxg7 22. Nf4 Qd7 23. Re1 Nf6 24. Qc3 Rxe1+ 25. Qxe1 Qf5 26. Qc3 Qe5 27. Kf1
g5 28. Qxe5 dxe5 29. Nd3 Nd7 30. g4 Kf8 31. Ke2 Ke7 32. Nb4 Kd6 33. Nd5 c6 34.
Nc3 Ke6 35. b4 f5 36. f3 e4 37. gxf5+ Kxf5 38. Nxe4 Kf4 39. c5 bxc5 40. bxc5 h5
41. b4 g4 42. hxg4 hxg4 43. Nd2 gxf3+ 44. Nxf3 Ke4 45. Ne1 Kd4 46. Nd3 Nb8 47.
Kd2 Kc4 48. Kc2 Na6 49. Ne5+ Kb5 50. Nxc6 Kxc6 51. b5+ Kxb5 52. c6 Kxc6 1/2-1/2

[Event "Euro Online U2300 Day 2"]
[Site "chess.com INT"]
[Date "2020.05.26"]
[Round "2"]
[White "Ohanyan, Emin"]
[Black "Skalsky, Alexandr"]
[Result "1-0"]
[WhiteTitle "FM"]
[WhiteElo "2291"]
[BlackElo "2251"]
[WhiteFideId "13312022"]
[BlackFideId "381799"]
[EventDate "2020.05.26"]

1. e4 c5 2. Nf3 d6 3. d4 cxd4 4. Nxd4 Nf6 5. Nc3 Nc6 6. Bc4 Qb6 7. Nxc6 bxc6 8.
O-O g6 9. Qe2 Ng4 10. h3 Ne5 11. Bd3 Bg7 12. Rd1 O-O 13. Rb1 Nxd3 14. Qxd3 Be6
15. Be3 Qa5 16. Bd4 f6 17. b3 Kh8 18. Re1 c5 19. Be3 f5 20. Nd5 fxe4 21. Qxe4
Bxd5 22. Qxd5 Qxa2 23. Rbc1 Qb2 24. Bg5 Qd4 25. Qxd4 Bxd4 26. Be3 e5 27. c3 Bxe3
28. Rxe3 Rf6 29. Ra1 Kg7 30. c4 Kf7 31. Ra6 Ke7 32. Re2 Rf4 33. Rea2 Rd4 34.
Rxa7+ Rxa7 35. Rxa7+ Kf6 36. Rxh7 Rd3 37. Rb7 Rd1+ 38. Kh2 Rb1 39. f3 Rb2 40.
Rb6 Ke6 41. Kg3 Kd7 42. h4 Kc7 43. Rb5 Kc6 44. Rb8 Kc7 45. Rg8 Rxb3 46. Rxg6 Rb4
47. h5 Rxc4 48. h6 Rc1 49. Rg4 Ra1 50. h7 Ra8 51. Rg8 c4 1-0

[Event "Euro Online U2300 Day 2"]
[Site "chess.com INT"]
[Date "2020.05.26"]
[Round "2"]
[White "Vashchilov, Sergey"]
[Black "Trokhymyshyn, Sergii"]
[Result "1-0"]
[WhiteElo "2176"]
[BlackElo "2157"]
[WhiteFideId "13506676"]
[BlackFideId "14135604"]
[EventDate "2020.05.26"]

1. e4 e5 2. Nf3 Nc6 3. d4 exd4 4. Nxd4 Bc5 5. Nb3 Bb6 6. Nc3 Nge7 7. Qe2 d6 8.
Be3 Be6 9. O-O-O O-O 10. f3 Qd7 11. Bxb6 axb6 12. Qd2 f5 13. Bb5 Qe8 14. Nd4 Bd7
15. Bc4+ Kh8 16. Kb1 Nxd4 17. Qxd4 Nc6 18. Qd2 Ne5 19. Bb3 fxe4 20. Nxe4 Be6 21.
Rhe1 Bxb3 22. cxb3 Qb5 23. Nc3 Qa5 24. f4 Nc6 25. g3 Nb4 26. a3 Qf5+ 27. Kc1 Nc6
28. Nd5 Qf7 29. Re3 Rae8 30. Rde1 Rxe3 31. Rxe3 h6 32. Qd3 Kg8 33. b4 Re8 34.
Rxe8+ Qxe8 35. Nxc7 Qe1+ 36. Qd1 Qe3+ 37. Qd2 Qg1+ 38. Kc2 Nd4+ 39. Kc3 Nc6 40.
Nb5 Qf1 41. Nxd6 Qf3+ 42. Qd3 Qf2 43. Qd5+ Kh7 44. Qf5+ Kg8 45. Qe6+ Kh7 46.
Qe4+ Kg8 47. Nxb7 Na7 48. Nd6 b5 49. Qd5+ Kh7 50. Qd3+ Kg8 51. Nxb5 Nxb5+ 52.
Qxb5 Qxh2 53. Qe8+ Kh7 54. Qe4+ Kg8 55. Qd5+ Kf8 56. Qd3 Qg1 57. Kb3 Qf2 58. a4
h5 59. Qf5+ Ke7 60. Qe5+ Kf7 61. Qxh5+ Ke7 62. Qc5+ 1-0

[Event "Euro Online U2300 Day 2"]
[Site "chess.com INT"]
[Date "2020.05.26"]
[Round "2"]
[White "Heinmets, Tonu"]
[Black "Brilej, Jaka"]
[Result "0-1"]
[BlackTitle "CM"]
[WhiteElo "1886"]
[BlackElo "2228"]
[WhiteFideId "4500962"]
[BlackFideId "14618818"]
[EventDate "2020.05.26"]

1. Nf3 f5 2. g3 Nf6 3. Bg2 g6 4. O-O Bg7 5. d3 O-O 6. c3 d6 7. Nbd2 e5 8. e4 Nc6
9. d4 exd4 10. Nxd4 Nxd4 11. cxd4 fxe4 12. Nxe4 Nxe4 13. Bxe4 d5 14. Bg2 c6 15.
Be3 Bf5 16. Qd2 Qd7 17. Bh6 Rae8 18. Bxg7 Qxg7 19. Rfe1 Bd7 20. f4 Rxe1+ 21.
Rxe1 Re8 22. Re5 Rxe5 23. dxe5 g5 24. Qa5 Qf8 25. Qxa7 gxf4 26. Qxb7 Qc5+ 27.
Kf1 Qc1+ 28. Kf2 Qe3+ 29. Kf1 f3 30. Bxf3 Qxf3+ 31. Ke1 Qe3+ 32. Kd1 Bg4+ 33.
Kc2 Bf5+ 34. Kd1 Qg1+ 35. Kd2 Qf2+ 36. Kc3 Qc2+ 37. Kd4 Qc4+ 38. Ke3 Qe4+ 39.
Kf2 Qc2+ 40. Ke3 Qd3+ 41. Kf2 Qd4+ 42. Ke1 Qxe5+ 43. Kd2 Qd4+ 44. Ke2 Qd3+ 45.
Kf2 Qd4+ 46. Ke1 Qf6 47. Qb8+ Kg7 48. Qc7+ Kg6 49. Qb8 Qe6+ 50. Kd1 d4 51. Qf4
d3 52. Kd2 Qxa2 53. h4 Qxb2+ 54. Ke3 Qe2+ 55. Kd4 Qe4+ 56. Qxe4 Bxe4 57. Kxe4 d2 0-1

[Event "Euro Online U2300 Day 2"]
[Site "chess.com INT"]
[Date "2020.05.26"]
[Round "2"]
[White "Timagin, Petr"]
[Black "Boykov, Pavel"]
[Result "1-0"]
[WhiteTitle "FM"]
[WhiteElo "2337"]
[BlackElo "1788"]
[WhiteFideId "4137698"]
[BlackFideId "24299278"]
[EventDate "2020.05.26"]

1. e4 c5 2. Nc3 Nc6 3. Nf3 g6 4. d4 cxd4 5. Nxd4 Bg7 6. Nb3 Nf6 7. Be2 O-O 8.
O-O d6 9. Re1 b6 10. Bf1 Bb7 11. Bg5 h6 12. Bh4 Rc8 13. Nd5 g5 14. Bg3 Nb8 15.
Nxf6+ Bxf6 16. c3 a6 17. Qh5 Bg7 18. h4 e6 19. hxg5 hxg5 20. Rad1 e5 21. Nd2 Qe7
22. Nc4 Rc6 23. Ne3 Bc8 24. Bc4 Be6 25. Bd5 Rc7 26. Ng4 Nd7 27. Nh6+ Bxh6 28.
Qxh6 Bxd5 29. Rxd5 f6 30. Red1 Rc6 31. Qg6+ Kh8 32. f3 Rf7 33. Kf2 Rg7 34. Rh1+
Kg8 35. Qh6 Nf8 36. Qh8+ Kf7 37. Ke2 Rc5 38. Rd2 Ng6 39. Qa8 Nf4+ 40. Kf2 a5 41.
Rh8 g4 42. Rxd6 Rc7 43. Rdd8 Kg6 44. Rdg8 Qc5+ 45. Kf1 Qc4+ 46. Kg1 Qc5+ 47. Kf1
Qc4+ 48. Kg1 Qc5+ 49. Bf2 Qd6 50. Qe8+ Rf7 51. Rxg7+ Kxg7 52. Qg8# 1-0

[Event "Euro Online U2300 Day 2"]
[Site "chess.com INT"]
[Date "2020.05.26"]
[Round "2"]
[White "Kashtanov, Ruslan"]
[Black "Levin, Guy"]
[Result "1/2-1/2"]
[WhiteTitle "IM"]
[WhiteElo "2376"]
[BlackElo "2213"]
[WhiteFideId "4124871"]
[BlackFideId "2824213"]
[EventDate "2020.05.26"]

1. Nf3 Nf6 2. c4 e6 3. g3 d5 4. d4 Be7 5. Bg2 O-O 6. O-O dxc4 7. Qa4 Nbd7 8.
Qxc4 a6 9. Qc2 c5 10. Rd1 Qb6 11. Nc3 cxd4 12. Nxd4 Nc5 13. Bf4 Bd7 14. Rac1
Rac8 15. Qb1 Rfd8 16. e4 Na4 17. Nxa4 Bxa4 18. Rxc8 Rxc8 19. b3 Bd7 20. e5 Nd5
21. Bxd5 exd5 22. Nf5 Bxf5 23. Qxf5 Rd8 24. Bg5 Bxg5 25. Qxg5 h6 26. Qf5 Qe6 27.
Qxe6 fxe6 28. Rc1 Rd7 29. f4 Kf7 30. Kf2 Ke7 31. g4 g6 32. Ke3 Kd8 33. Kd4 Rc7
34. Rxc7 Kxc7 35. f5 gxf5 36. gxf5 exf5 37. Kxd5 Kd7 38. e6+ Ke7 39. Ke5 f4 40.
Kxf4 Kxe6 41. Ke4 b6 42. b4 a5 43. bxa5 bxa5 44. a4 Kf6 45. Kd5 Kg5 46. Kc5 Kg4
47. Kb5 Kh3 48. Kxa5 Kxh2 49. Kb5 h5 50. a5 h4 51. a6 h3 52. a7 Kg1 53. a8=Q h2
54. Qg8+ Kh1 55. Qd5+ Kg1 56. Qd4+ Kg2 57. Qg4+ Kh1 1/2-1/2

[Event "Euro Online U2300 Day 2"]
[Site "chess.com INT"]
[Date "2020.05.26"]
[Round "2"]
[White "Gallasch, Jonas"]
[Black "Kalogeris, Ioannis"]
[Result "1/2-1/2"]
[BlackTitle "FM"]
[WhiteElo "2090"]
[BlackElo "2312"]
[WhiteFideId "16222474"]
[BlackFideId "4239563"]
[EventDate "2020.05.26"]

1. d4 d5 2. c4 c6 3. cxd5 cxd5 4. Bf4 Nf6 5. Nc3 e6 6. Nf3 Bd6 7. Bg3 Nc6 8. e3
Bxg3 9. hxg3 Qb6 10. Rb1 Ne4 11. Bd3 f5 12. g4 fxg4 13. Ne5 Nxe5 14. dxe5 h5 15.
Bxe4 dxe4 16. Qd4 Qxd4 17. exd4 Bd7 18. Nxe4 Bc6 19. Nd6+ Kd7 20. O-O h4 21. f3
gxf3 22. gxf3 g5 23. Rf2 Raf8 24. Rbf1 Rf4 25. Kh2 Rhf8 26. Kh3 Bxf3 27. Rg1
Bg4+ 28. Rxg4 Rxf2 29. Rxg5 R8f3+ 30. Kxh4 Rxb2 31. Rg7+ Kc6 32. Re7 Kd5 33.
Nxb7 Rg2 34. Nd8 Rf8 35. Rd7+ Ke4 36. Kh3 Rg1 37. Nf7 Kf4 38. d5 exd5 39. e6 Rg7
40. Rxd5 Rfg8 41. Rd4+ Ke3 42. Rh4 Rg3+ 43. Kh2 Rg2+ 44. Kh1 Rg1+ 45. Kh2 R8g2+
46. Kh3 Rh1+ 47. Kxg2 Rxh4 48. Nd6 Rg4+ 49. Kh3 Rg6 50. e7 Re6 51. e8=Q Rxe8 52.
Nxe8 Kd4 53. Nd6 Kc3 54. Kg4 Kb2 55. a4 Ka3 56. a5 Kb4 57. Nb7 Kb5 58. Kf5 Ka6
59. Nd8 Kxa5 60. Nc6+ Kb5 61. Nxa7+ 1/2-1/2

[Event "Euro Online U2300 Day 2"]
[Site "chess.com INT"]
[Date "2020.05.26"]
[Round "2"]
[White "Olsen, Filip Boe"]
[Black "Jaroch, Pawel"]
[Result "0-1"]
[WhiteTitle "IM"]
[WhiteElo "2353"]
[BlackElo "2199"]
[WhiteFideId "1440640"]
[BlackFideId "1124366"]
[EventDate "2020.05.26"]

1. d4 Nf6 2. c4 c5 3. d5 b5 4. cxb5 a6 5. e3 d6 6. Nc3 g6 7. Nf3 Bg7 8. a4 O-O
9. Ra3 axb5 10. Bxb5 Na6 11. O-O Nb4 12. e4 Ba6 13. Qe2 Nd7 14. Bf4 Nb6 15. Rfa1
Nd7 16. Rc1 Qb8 17. Bg5 Re8 18. Qd2 Bxb5 19. axb5 Bxc3 20. Rcxc3 f6 21. Rxa8
Qxa8 22. Ra3 Qb7 23. Be3 Qxb5 24. h4 Nb6 25. b3 Ra8 26. Rxa8+ Nxa8 27. Ne1 Nb6
28. h5 Nd7 29. hxg6 hxg6 30. Qd1 Ne5 31. Bf4 Nbd3 32. Bxe5 Nxe5 33. f4 Nf7 34.
Qg4 Qxb3 35. Qxg6+ Kf8 36. Nf3 Qe3+ 37. Kh1 Qc1+ 38. Ng1 Qxf4 39. Nh3 Qh6 40.
Qf5 Qc1+ 41. Kh2 Qh6 42. Qc8+ Kg7 43. Qe6 Kf8 44. Qc8+ Kg7 45. Qe6 c4 46. Qc8
Ne5 47. Qc7 Kf7 48. Qc8 Qg6 49. Qe6+ Kf8 50. Qc8+ Kg7 51. Nf4 Qg4 52. Ne6+ Kh7
53. Qf8 Qh4+ 54. Kg1 Qe1+ 55. Kh2 Ng4+ 56. Kh3 Nf2+ 57. Kh2 Qh1+ 58. Kg3 Nxe4+
59. Kf4 Qh4+ 60. g4 Qf2+ 61. Kxe4 Qe2+ 62. Kd4 Qd3# 0-1

[Event "Euro Online U2300 Day 2"]
[Site "chess.com INT"]
[Date "2020.05.26"]
[Round "2"]
[White "Shapkin, Anatoliy"]
[Black "Korneevets, Alexander"]
[Result "1-0"]
[BlackTitle "IM"]
[WhiteElo "2283"]
[BlackElo "2267"]
[WhiteFideId "34108332"]
[BlackFideId "13500180"]
[EventDate "2020.05.26"]

1. d4 d5 2. c4 c6 3. cxd5 cxd5 4. Nc3 Nf6 5. Nf3 Nc6 6. Bf4 a6 7. e3 Bg4 8. h3
Bxf3 9. Qxf3 e6 10. Bd3 Bd6 11. Bg5 h6 12. Bh4 Be7 13. O-O O-O 14. Rac1 Rc8 15.
Qd1 b5 16. a4 b4 17. Ne2 Qb6 18. Bb1 Na5 19. Qd3 Rfd8 20. Nf4 Nc4 21. Bxf6 Bxf6
22. b3 Nd6 23. Nh5 Kf8 24. f3 Rxc1 25. Rxc1 Rc8 26. Rxc8+ Nxc8 27. Nxf6 gxf6 28.
Qc2 Nd6 29. Kh2 Ke7 30. g4 Qb8 31. Qc5 Kd7 32. Kg2 Qc7 33. Qxc7+ Kxc7 34. Bd3 a5
35. Kg3 Kd7 36. Kh4 Ke7 37. Kh5 Kf8 38. Kxh6 Nc8 39. Kh5 Kg7 40. Kh4 Ne7 41. Kg3
Kh6 42. h4 Kg7 43. Bb5 Nc8 44. e4 dxe4 45. fxe4 Nd6 46. Bd3 e5 47. dxe5 fxe5 48.
g5 Kg6 49. Kg4 Kg7 50. h5 Kh7 51. Kf3 Kg7 52. Ke3 Kh7 53. Be2 Kg7 54. Bg4 Kh7
55. Bf5+ Kg7 56. Kf3 Kg8 57. Bd7 Nb7 58. Bc6 Nd6 59. Kg4 Kg7 60. Bd5 Kh7 61.
Bxf7 Nxe4 62. Bg6+ 1-0

[Event "Euro Online U2300 Day 2"]
[Site "chess.com INT"]
[Date "2020.05.26"]
[Round "2"]
[White "Sedina, Elena"]
[Black "Mirimanian, Hayk"]
[Result "0-1"]
[WhiteTitle "IM"]
[BlackTitle "FM"]
[WhiteElo "2299"]
[BlackElo "2268"]
[WhiteFideId "812153"]
[BlackFideId "4700180"]
[EventDate "2020.05.26"]

1. e4 c5 2. Nf3 e6 3. c3 d5 4. exd5 exd5 5. d4 Nc6 6. Bb5 Bd6 7. dxc5 Bxc5 8.
O-O Ne7 9. Nbd2 O-O 10. Nb3 Bd6 11. Bd3 Re8 12. Re1 a6 13. Nbd4 Ng6 14. Rxe8+
Qxe8 15. Be3 Nce5 16. Nxe5 Nxe5 17. Bf1 Ng4 18. Nf3 Nxe3 19. fxe3 Qxe3+ 20. Kh1
Bg4 21. Qxd5 Qf4 22. Qd4 Bxf3 23. Qxf4 Bxf4 24. gxf3 Rd8 25. Re1 g5 26. Bc4 Rd7
27. a4 h5 28. Kg2 Kg7 29. Re2 Kg6 30. h3 Kf6 31. Kf2 Rd1 32. Kg2 Ra1 33. Bb3 a5
34. Bd5 b6 35. b3 Rc1 36. c4 Rc3 37. Kf2 Bd6 38. Rb2 Bc5+ 39. Kg2 Rc1 40. Be4
Rg1+ 41. Kh2 Re1 42. Kg2 h4 43. Rd2 Re3 44. Rb2 Rc3 45. Kh2 Rc1 46. Kg2 Rg1+ 47.
Kh2 Rd1 48. Re2 Rf1 49. Kg2 Rg1+ 50. Kh2 Rg3 51. Bd5 Bd6 52. Kh1 Rxh3+ 53. Kg1
Rg3+ 54. Kh1 Bc5 55. Rg2 Rh3+ 56. Rh2 Rxh2+ 57. Kxh2 Kg6 58. Kh3 f5 59. Be6 Kf6
60. Bc8 Ke5 61. Bd7 Kf4 62. Kg2 g4 63. fxg4 fxg4 64. Bc6 h3+ 65. Kh2 Bd6 66. Bd7
Kf3+ 67. Kh1 Kg3 68. Bc8 Kh4 69. Bf5 g3 70. Be4 Kg4 71. Kg1 Bc5+ 72. Kh1 Kf4 73.
Bb7 Ke3 74. Bc8 g2+ 75. Kh2 Kd2 0-1

[Event "Euro Online U2300 Day 2"]
[Site "chess.com INT"]
[Date "2020.05.26"]
[Round "2"]
[White "Sudakova, Irina"]
[Black "Hasanagic, Anel"]
[Result "1/2-1/2"]
[WhiteTitle "WGM"]
[BlackTitle "CM"]
[WhiteElo "2288"]
[BlackElo "2235"]
[WhiteFideId "4129903"]
[BlackFideId "14605791"]
[EventDate "2020.05.26"]

1. e4 c6 2. d4 d5 3. e5 c5 4. dxc5 Nc6 5. Bb5 Nh6 6. c3 a6 7. Ba4 e6 8. Be3 Nf5
9. Bd4 Bd7 10. Bxc6 Bxc6 11. Ne2 Nh4 12. O-O Qg5 13. Ng3 Bb5 14. Re1 h5 15. a4
Bc6 16. Nd2 Nxg2 17. Kxg2 h4 18. Nf3 Qg6 19. Qb1 Qxb1 20. Rexb1 hxg3 21. fxg3
Be7 22. b4 O-O 23. h4 f6 24. Rf1 Bd7 25. Rf2 a5 26. Rfa2 Rfc8 27. Ne1 Be8 28.
Nd3 Bg6 29. Nf4 Be4+ 30. Kf2 Kf7 31. Ke3 Rh8 32. Rb2 axb4 33. cxb4 g5 34. hxg5
fxg5 35. Ne2 Kg6 36. b5 Raf8 37. Ng1 g4 38. Kd2 Rc8 39. a5 Bxc5 40. Bxc5 Rxc5
41. a6 bxa6 42. bxa6 Ra8 43. Ne2 Rc6 44. a7 Rc7 45. Nd4 Rcxa7 46. Rxa7 Rxa7 47.
Nxe6 Re7 48. Nf4+ Kf5 49. e6 Re8 50. Ke3 Ke5 51. Rb5 Rc8 52. e7 Re8 53. Rb4 Bf5
54. Rb7 d4+ 55. Kd2 Kd6 56. Rb5 Be4 57. Rb4 Rxe7 58. Rxd4+ Kc5 59. Rd8 Bf3 60.
Rc8+ Kd6 61. Rd8+ Kc7 62. Rd4 Rh7 63. Ke3 Rh1 64. Ne6+ Kc6 65. Kf4 Re1 66. Ng5
Kc5 67. Rd8 Rf1 68. Nxf3 gxf3 69. g4 f2 70. Kf3 Rg1 71. Kxf2 Rxg4 1/2-1/2

[Event "Euro Online U2300 Day 2"]
[Site "chess.com INT"]
[Date "2020.05.26"]
[Round "2"]
[White "Mladek, Richard"]
[Black "Khachatryan, Anna"]
[Result "1-0"]
[WhiteTitle "FM"]
[BlackTitle "WFM"]
[WhiteElo "2280"]
[BlackElo "2071"]
[WhiteFideId "386588"]
[BlackFideId "13310780"]
[EventDate "2020.05.26"]

1. e4 c5 2. Nf3 Nc6 3. d4 cxd4 4. Nxd4 e5 5. Nb5 d6 6. N1c3 a6 7. Na3 b5 8. Nd5
Nge7 9. c4 Nd4 10. Bd3 Nxd5 11. cxd5 g6 12. O-O Bg7 13. Be3 O-O 14. Qd2 Bd7 15.
Rac1 Qb8 16. Nc2 Nxc2 17. Rxc2 Rc8 18. Rfc1 Qb7 19. Qb4 Bf8 20. h4 f5 21. g3
Rxc2 22. Rxc2 Rc8 23. h5 Rxc2 24. Bxc2 Qc7 25. Qd2 Qc8 26. Bg5 Bg7 27. h6 Bf8
28. f3 Qc5+ 29. Kg2 fxe4 30. fxe4 Bg4 31. Bd3 Qc7 32. Qf2 Be7 33. Be3 Qc8 34.
Kh2 Qc7 35. a4 Qa5 36. axb5 axb5 37. Bd2 Qa1 38. Bc3 Bd7 39. Qb6 Qd1 40. Qb8+
Bf8 41. Bxb5 Qc2+ 42. Kg1 Bh3 43. Bf1 Bxf1 44. Kxf1 Qxe4 45. Qa8 Qf3+ 46. Ke1
Qxg3+ 47. Kd2 Qf4+ 48. Kc2 Qxh6 49. b4 Qh2+ 50. Kb3 e4 51. b5 e3 52. b6 e2 53.
b7 Qg3 54. Qxf8+ Kxf8 55. b8=Q+ Kf7 56. Qb7+ Ke8 57. Qb5+ Kf7 58. Qxe2 h5 59.
Qe6+ Kf8 60. Kc4 Qg4+ 61. Qxg4 hxg4 62. Be1 Kf7 63. Kd4 Kf6 64. Ke4 Kg5 65. Bg3
Kf6 66. Bxd6 Kf7 67. Bg3 Ke7 68. Be5 Kd7 69. Kf4 g5+ 70. Kxg4 1-0

[Event "Euro Online U2300 Day 2"]
[Site "chess.com INT"]
[Date "2020.05.26"]
[Round "2"]
[White "Pedersen, Henrik Dahl"]
[Black "Materia, Marco"]
[Result "1-0"]
[BlackTitle "FM"]
[WhiteElo "2225"]
[BlackElo "2269"]
[WhiteFideId "1404199"]
[BlackFideId "45150451"]
[EventDate "2020.05.26"]

1. e4 e5 2. Bc4 Nf6 3. d3 Nc6 4. Nc3 Na5 5. Nf3 d6 6. O-O g6 7. Bg5 Bg7 8. a3
Nxc4 9. dxc4 O-O 10. Ne1 h6 11. Bxf6 Bxf6 12. Nd3 b6 13. b3 Be6 14. Nb4 Qd7 15.
Nbd5 Bg7 16. Qd3 f5 17. Rad1 f4 18. f3 g5 19. g4 a6 20. a4 Rf7 21. Ra1 Qc6 22.
Qd2 a5 23. Qf2 Raf8 24. Rad1 Rd8 25. Rd3 Bf8 26. Rfd1 Qc5 27. Qxc5 bxc5 28. Nb1
c6 29. Ndc3 Rh7 30. h3 Kf7 31. Kg2 Ke7 32. Ne2 Kd7 33. Rh1 Be7 34. Nbc3 h5 35.
Nd1 Kc7 36. Nf2 Bf6 37. Nc3 Rdh8 38. Rdd1 Bc8 39. Rd3 Kd7 40. Rdd1 Ke6 41. Rd2
Bb7 42. Rdd1 Rd8 43. Rd2 Rhh8 44. Rhd1 Rd7 45. Rh1 h4 46. Rhd1 Rhd8 47. Nd3 Be7
48. Nc1 d5 49. cxd5+ cxd5 50. exd5+ Bxd5 51. Kf2 Bc6 52. Rxd7 Rxd7 53. Rxd7 Kxd7
54. Nd3 Kd6 55. Ke2 Bd8 56. Nf2 Kc7 57. Nfe4 Be7 58. Kd3 Bb7 59. Kc4 Kc6 60. Nb5
Ba6 61. Nc3 Bd8 62. Kd3 Kd7 63. Ke4 Bb7+ 64. Nd5 Ke6 65. c4 Bb6 66. Nc3 Bc7 67.
Kd3 Bd6 68. Ne4 Bxd5 69. cxd5+ Kxd5 70. Nxg5 Be7 71. Ne4 Bd8 72. Nc3+ Kd6 73.
Kc4 Kc6 74. Ne4 Be7 75. g5 Bd8 76. g6 1-0

[Event "Euro Online U2300 Day 2"]
[Site "chess.com INT"]
[Date "2020.05.26"]
[Round "2"]
[White "Marn, Jan"]
[Black "Laptii, Nazar"]
[Result "0-1"]
[WhiteTitle "FM"]
[WhiteElo "2360"]
[BlackElo "2180"]
[WhiteFideId "14619245"]
[BlackFideId "14174332"]
[EventDate "2020.05.26"]

1. d4 g6 2. c4 Bg7 3. Nc3 d6 4. e4 e5 5. d5 a5 6. Nf3 Bg4 7. Be2 h5 8. Be3 Nd7
9. a3 Bh6 10. Bxh6 Nxh6 11. b4 O-O 12. O-O Bxf3 13. Bxf3 f5 14. exf5 Nxf5 15.
Ne4 Nd4 16. Bxh5 gxh5 17. Qxh5 Qe7 18. Rae1 Qf7 19. Qg4+ Qg7 20. Qd1 Nf3+ 21.
Kh1 Nxe1 22. Rxe1 Rf4 23. Re3 Rg4 24. h3 Rg6 25. c5 Rf8 26. c6 bxc6 27. dxc6 Nf6
28. Ng3 axb4 29. axb4 Nh7 30. Qc2 Qf7 31. b5 Ng5 32. b6 cxb6 33. Rc3 Ne6 34. Ne4
Nc5 35. Rf3 Qg7 36. Rxf8+ Kxf8 37. Nxc5 dxc5 38. c7 Qxc7 39. Qxg6 c4 40. h4 c3
41. Qc2 b5 42. h5 b4 43. h6 Kg8 44. g4 Qc6+ 45. Kg1 Qxh6 46. Qb3+ Kg7 47. Qxb4
Qc1+ 48. Kg2 c2 49. Qe7+ Kg6 50. Qe6+ Kg7 51. Qxe5+ Kg8 52. Qd5+ Kf8 53. Qc5+
Ke8 54. Qc8+ Ke7 55. Qc7+ Ke8 56. Qc6+ Ke7 57. Qe4+ Kd6 58. Qd4+ Kc7 59. Qc5+
Kd7 60. Qd5+ Ke7 61. Qf5 Qd2 62. Qe5+ Kd7 63. Qb5+ Ke6 64. Qe8+ Kf6 65. Qh8+ Kf7
66. Qh5+ Ke6 67. Qe8+ Kf6 68. Qf8+ Ke5 69. Qc5+ Ke6 70. Qc4+ Qd5+ 0-1

[Event "Euro Online U2300 Day 2"]
[Site "chess.com INT"]
[Date "2020.05.26"]
[Round "2"]
[White "Timoshin, Andrei"]
[Black "Dmitrenko, Viktor"]
[Result "1/2-1/2"]
[BlackTitle "IM"]
[WhiteElo "2132"]
[BlackElo "2456"]
[WhiteFideId "4503503"]
[BlackFideId "14110270"]
[EventDate "2020.05.26"]

1. e4 c6 2. d4 d5 3. Nd2 dxe4 4. Nxe4 Nd7 5. Nf3 Ngf6 6. Nxf6+ Nxf6 7. c3 Bg4 8.
h3 Bxf3 9. Qxf3 e6 10. Bd3 Be7 11. O-O O-O 12. Bf4 Qd5 13. Qe2 c5 14. Bc4 Qc6
15. Bb5 Qb6 16. Be5 a6 17. Ba4 Rad8 18. Rfd1 cxd4 19. Bxd4 Bc5 20. Bxf6 gxf6 21.
b4 Be7 22. a3 Kh8 23. c4 a5 24. c5 Qc7 25. Qf3 axb4 26. axb4 b6 27. c6 Qe5 28.
Rab1 b5 29. Bc2 Rxd1+ 30. Qxd1 Bd6 31. g3 Rg8 32. Qf3 f5 33. Kg2 Bc7 34. Rd1 Bb6
35. Rd7 Qb2 36. Bd3 Qxb4 37. Rxf7 Qd4 38. Bxb5 Ra8 39. Rd7 Qc5 40. Be2 Rc8 41.
Rb7 Rxc6 42. Rb8+ Kg7 43. h4 h6 44. h5 Rc7 45. g4 Kf6 46. Rg8 Rg7 47. Rxg7 Kxg7
48. gxf5 exf5 49. Bd3 Kf6 50. Qg3 Qd5+ 51. Kg1 Qd4 52. Qg6+ Ke5 53. Qg3+ f4 54.
Qg7+ Kd6 55. Qxh6+ Ke7 56. Qg5+ Kd6 57. Qg6+ Ke7 58. Qh7+ Kd6 59. Qg6+ Ke7 60.
Qe4+ Qxe4 61. Bxe4 Kf6 62. h6 Kg5 63. h7 Bd4 64. Kg2 Kf6 65. Kf3 Kg7 66. Kg2 Kh8
67. f3 Bc3 68. Kh3 Bd2 69. Kg4 Bc1 70. Kf5 Bd2 71. Kf6 Bc1 72. Kf7 Be3 73. Kf8
Bc1 74. Kf7 Ba3 75. Kg6 Bb2 76. Kh5 Bc1 77. Kg6 Be3 78. Kh5 Bd2 79. Kg6 Be1 80.
Kh5 Bf2 81. Kg6 Be3 82. Kh5 Kg7 83. Kg4 Bc1 84. Kg5 1/2-1/2

[Event "Euro Online U2300 Day 2"]
[Site "chess.com INT"]
[Date "2020.05.26"]
[Round "2"]
[White "Zverev, Lev"]
[Black "Tomilova, Elena"]
[Result "1/2-1/2"]
[WhiteTitle "CM"]
[BlackTitle "WGM"]
[WhiteElo "2087"]
[BlackElo "2353"]
[WhiteFideId "24250775"]
[BlackFideId "4162340"]
[EventDate "2020.05.26"]

1. e4 e6 2. d4 d5 3. Nc3 Nf6 4. Bg5 Bb4 5. e5 h6 6. Bc1 Ne4 7. Qg4 g6 8. a3
Bxc3+ 9. bxc3 c5 10. Ne2 cxd4 11. cxd4 Nc6 12. c3 Bd7 13. f3 Ng5 14. h4 Nh7 15.
Bxh6 Qb6 16. Bd2 O-O-O 17. Qf4 Rdf8 18. g3 f6 19. exf6 Rxf6 20. Qe3 Na5 21. Nf4
Qb2 22. Rd1 Ba4 23. Nd3 Qxa3 24. Bh3 Nc4 25. Qe2 Bxd1 26. Qxd1 Nxd2 27. Kxd2
Qa2+ 28. Ke3 Nf8 29. Nb4 Qc4 30. Qa4 Nd7 31. Qxa7 Qxc3+ 32. Nd3 Rxf3+ 33. Kxf3
Qxd3+ 34. Kg2 Qe2+ 35. Kg1 Rf8 36. Qa8+ Nb8 37. Bg2 Rf2 38. Kh2 Rxg2+ 39. Kh3
Qc2 40. Qa3 Nc6 41. Qf8+ Kc7 42. Qf4+ Kb6 43. Qd6 Rf2 44. Qxe6 Qf5+ 45. Qxf5
Rxf5 46. Kg4 Nxd4 47. Rb1+ Kc6 48. Rd1 Ne6 49. Re1 Kd6 50. Rb1 Kc7 51. Re1 Kd7
52. Rb1 Nc5 53. Rb6 Re5 54. Rxg6 d4 55. Rg7+ Kc6 56. Rg6+ Kd5 57. Rg8 d3 58. h5
Kc4 59. h6 d2 60. Kf4 Rd5 61. h7 d1=Q 62. h8=Q Qd4+ 63. Qxd4+ Rxd4+ 64. Kf5 b5
65. g4 Ne4 66. Rc8+ Kd3 67. Rb8 b4 68. g5 Rd5+ 69. Kf4 Nxg5 70. Rxb4 Ne6+ 71.
Kg4 Nd4 72. Kg3 Ke3 73. Rb8 Rg5+ 74. Kh4 Nf3+ 75. Kh3 Kf2 76. Rb2+ Kf1 77. Rf2+
Kxf2 1/2-1/2